00501nam a2200169Ia 4500008004000000041000800040082001100048100001800059245002200077260004000099650001300139650001300152690001300165906001100178999001900189952012300208210210b1951 xxu||||| |||| 00| 0 eng d aeng a514/16 aCELL (John W) aAnalytic geometry aNew YorkbJohn Wiley and Sonsc1951 ageometry aAnalytic aGeometry a007462 c139956d139956 001040708MathematicsaALbALcMathematicsd2021-02-17g0.00l0o514/16p007462r2021-02-17 00:00:00w2021-02-17yBK